Memoria reglamentaria (Record no. 158122)

MARC details
000 -LEADER
campo de control de longitud fija 01060nam a2200241 i 4500
001 - NÚMERO DE CONTROL
campo de control 158122
003 - IDENTIFICADOR DE NÚMERO DE CONTROL
campo de control ES-MaACL
005 - FECHA Y HORA DE LA ÚLTIMA TRANSACCIÓN
campo de control 20230906211026.0
008 - DATOS DE LONGITUD FIJA--INFORMACIÓN GENERAL
campo de control de longitud fija 040713s1883 sp |||| | spa d
040 ## - FUENTE DE CATALOGACIÓN
Centro catalogador/agencia de origen CAM
Lengua de catalogación spa
Centro/agencia transcriptor CAM
080 ## - NÚMERO DE LA CLASIFICACIÓN DECIMAL UNIVERSAL
Número de la Clasificación Decimal Universal 591.69
110 2# - ENTRADA PRINCIPAL--NOMBRE DE ENTIDAD CORPORATIVA
Nombre de entidad corporativa o nombre de jurisdicción como elemento de entrada Los Escolares Veterinarios.
9 (RLIN) 134663
245 10 - MENCIÓN DEL TÍTULO
Título Memoria reglamentaria
Resto del título : curso de 1882 a 1883 /
Mención de responsabilidad, etc. por Joaquín González y García . Y discurso inaugural / por Victoriano Medina y Ruiz.
246 35 - FORMA VARIANTE DEL TITULO
Título propio/Titulo breve Del parasitismo bajo el concepto de la etiología
260 ## - PUBLICACIÓN, DISTRIBUCIÓN, ETC.
Lugar de publicación, distribución, etc. Madrid :
Nombre del editor, distribuidor, etc. [s.n.],
Fecha de publicación, distribución, etc. 1883 (
Fabricante Imp. de la Viuda e Hijo de Aguado)
300 ## - DESCRIPCIÓN FÍSICA
Extensión 32 p. ;
Dimensiones 22 cm.
594 ## - Nota al título y mención de responsabilidad
Nota al título y mención de responsabilidad Precede al tít.: Los Escolares Veterinarios, Sociedad Científica.
594 ## - Nota al título y mención de responsabilidad
Nota al título y mención de responsabilidad Tema del discurso de Victoriano Medina Ruiz: Del parasitismo bajo el concepto de la etiología.
650 04 - PUNTO DE ACCESO ADICIONAL DE MATERIA--TÉRMINO DE MATERIA
Término de materia o nombre geográfico como elemento de entrada Parásitos.
9 (RLIN) 136662
700 1# - ENTRADA AGREGADA--NOMBRE PERSONAL
Nombre de persona González García, Joaquín.
9 (RLIN) 127412
700 1# - ENTRADA AGREGADA--NOMBRE PERSONAL
Nombre de persona Medina Ruiz, Victoriano.
9 (RLIN) 129785
852 ## - LOCALIZACIÓN
Ubicación ES-MaACL
Número de control de estantería T-844-F-2
Nota libre - Enc. hol., conservando cub. original
-- - Enc. en un vol. facticio
Holdings
Estatus retirado Estado de pérdida Estado de daño No para préstamo Colección Biblioteca de origen Biblioteca actual Ubicación en estantería Fecha de adquisición Total de préstamos Signatura topográfica completa Código de barras Visto por última vez Precio de reemplazo Tipo de ítem Koha
        Colección de folletos Biblioteca del Ateneo de Madrid Biblioteca del Ateneo de Madrid Depósito folletos 17/01/2008   T-844-F-2 1165490 23/02/2023 23/02/2023 Folleto